| 000 | 00754nam a22002537a 4500 | ||
|---|---|---|---|
| 005 | 20260222215514.0 | ||
| 008 | 260222b |||||||| |||| 00| 0 spa d | ||
| 040 |
_aCO-BoESAP _bspa _cCO-BoESAP |
||
| 100 | 1 |
_aRoa Suárez, Hernando, _d1939- _9119 _eautor |
|
| 245 | 1 | 4 |
_aLos grupos de presión / _cHernando Roa Suárez. |
| 300 | _apáginas | ||
| 526 | _a104436 | ||
| 526 | _a1697 | ||
| 526 | _a19790 | ||
| 526 | _a51868 | ||
| 526 | _a102619 | ||
| 526 | _a5144 | ||
| 650 | 1 | 4 |
_aGrupos de presión _92571 _xClasificación |
| 650 | 2 | 4 |
_aGrupos de presión _92571 _zColombia |
| 650 | 2 | 7 |
_aParticipación política _93695 _2LEMB |
| 650 | 2 | 7 |
_aPartidos políticos _93466 _2LEMB _zColombia |
| 773 | _tTemas políticos contemporáneos | ||
| 942 |
_2cl _cCHAP |
||
| 999 |
_c175244 _d175244 |
||